000 00410cam a2200157ua 4500
041 _aeng
_h
082 _a604.2
_bBEE/GR
100 _aBeetles, W G .
245 _aGraded excercices in technical drawing for secondary schools /
_cW G Beetles.
_hTextual Documents
250 _a1 /
_b.
260 _aLondon :
_bHutchinson ,
_c1961.
300 _a127 ; .
504 _a
942 _cBK
999 _c8740
_d8740